000 00360nam a2200133Ia 4500
008 150202s9999 xx 000 0 und d
020 _a373273185
050 _aFIC
_bFIC
100 _aPhinney, Barbara.
245 _aTrust no one /
_cBarbara Phinney.
260 _aNew York :
_bSilhouette Books,
_c2003.
300 _a248 pages :
_c18 cm.
650 _aFiction.
999 _c282308
_d282308